100 dni 100 dziedzin - 2 (matematyka) - Statystyki

Ogólne statystyki
  • Ten quiz został rozwiązany 25 razy
  • Średni wynik to 13 z 15
Statystyki odpowiedzi
Pytania Odpowiedzi % Poprawnych
31 - 19 12
100%
⅖ ÷ ⅚ 12/25
100%
45 + 21 66
100%
98 + 71 169
95%
3 × 6 18
95%
64 ÷ 8 8
95%
27 ÷ 3 9
95%
5 - 1 × 3 + (56 ÷ 8 ) 9
95%
7 × 7 49
90%
5 × 15 75
90%
6 + 2 × 8 ×(2 + 3) 86
80%
55 ÷ 11 + 67 + (2 - 3) 71
70%
⅝ z 96 60
60%
1 ⅛ z 240 270
55%
⅘ ÷ ⅞ 32/35
50%
Nie znaleziono quizów pasujących do podanych kryteriów
Rozkład punktacji
Procent ludzi z każdym wynikiem
Percentyl według liczby udzielonych odpowiedzi
Twoja historia wyników
Nie rozwiązałeś tego quizu